[Event "XIII OGOLNOPOLSKA OLIMPIADA MLODZIEZY -"]
[Site "Turawa"]
[Date "2007.04.28"]
[Round "3.9"]
[White "Siwiec, Arkadiusz"]
[Black "Wandzik, Wojciech"]
[Result "1/2-1/2"]
[WhiteElo "2025"]
[BlackElo "1945"]
[PlyCount "78"]
[EventDate "2007.??.??"]

1. e4 c5 2. Nf3 Nc6 3. d4 cxd4 4. Nxd4 Nf6 5. Nc3 e5 6. Ndb5 d6 7. Bg5 a6 8.
Na3 b5 9. Nd5 Be7 10. Bxf6 Bxf6 11. c3 O-O 12. Nc2 Bg5 13. a4 bxa4 14. Rxa4 a5
15. Bc4 Rb8 16. b3 Kh8 17. O-O f5 18. exf5 Bxf5 19. b4 Bxc2 20. Qxc2 axb4 21.
cxb4 Nd4 22. Qe4 Ra8 23. Bd3 g6 24. Raa1 Nb3 25. Rxa8 Qxa8 26. Nb6 Qa7 27. Nc4
Nd2 28. Nxd2 Bxd2 29. g3 Qb6 30. b5 Bc3 31. Qc6 Bd4 32. Qxb6 Bxb6 33. Be4 Kg7
34. Kg2 Kf6 35. f3 Rf7 36. Rd1 Rd7 37. Bc6 Rd8 38. f4 Kf5 39. fxe5 dxe5 1/2-1/2

[Event "XIII OGOLNOPOLSKA OLIMPIADA MLODZIEZY -"]
[Site "Turawa"]
[Date "2007.04.28"]
[Round "3.10"]
[White "Lukasiewicz, Aleksander"]
[Black "Bokiej, Przemyslaw"]
[Result "0-1"]
[WhiteElo "1816"]
[BlackElo "2016"]
[PlyCount "72"]
[EventDate "2007.??.??"]

1. e4 e6 2. d4 d5 3. Nc3 Nf6 4. e5 Nfd7 5. Nf3 c5 6. dxc5 Nc6 7. Bf4 Nxc5 8.
Be2 Be7 9. O-O f6 10. Nb5 O-O 11. exf6 Bxf6 12. c3 a6 13. Bd6 Be7 14. Bxe7 Qxe7
15. Nbd4 e5 16. Nb3 Nxb3 17. Qxb3 Be6 18. Rad1 Rad8 19. Rfe1 Qf7 20. Rf1 h6 21.
Qc2 d4 22. cxd4 exd4 23. Qa4 Bxa2 24. Nxd4 b5 25. Bh5 Qxh5 26. Qxa2+ Kh8 27.
Nf3 Ne5 28. Rxd8 Nxf3+ 29. gxf3 Rxd8 30. Qxa6 Qxf3 31. Qb6 Rd5 32. Qb8+ Kh7 33.
h4 Rd4 34. Re1 Rg4+ 35. Kf1 Qh1+ 36. Ke2 Re4+ 0-1

[Event "XIII OGOLNOPOLSKA OLIMPIADA MLODZIEZY -"]
[Site "Turawa"]
[Date "2007.04.28"]
[Round "3.11"]
[White "Witek, Pawel"]
[Black "Kaleta, Blazej"]
[Result "1-0"]
[WhiteElo "1985"]
[BlackElo "1899"]
[PlyCount "99"]
[EventDate "2007.??.??"]

1. d4 d5 2. c4 c6 3. Nc3 Nf6 4. Nf3 e6 5. e3 Bd6 6. Qc2 O-O 7. Be2 Nbd7 8. O-O
b6 9. b3 Bb7 10. Bb2 Rc8 11. e4 dxe4 12. Nxe4 Nxe4 13. Qxe4 Nf6 14. Qh4 Ne8 15.
Qh3 Be7 16. Bd3 h6 17. Rad1 Bf6 18. Bc2 Qc7 19. Bc1 Bd8 20. Ne5 f5 21. Bf4 Rf6
22. Qh5 Qe7 23. h4 Bc7 24. Rfe1 Bxe5 25. Rxe5 Qd7 26. Qe2 Rd8 27. b4 Nc7 28.
Bb3 Kf7 29. Re3 Bc8 30. Be5 Ne8 31. Bxf6 Nxf6 32. c5 Re8 33. a4 Qc7 34. Re5 g6
35. f3 Nh5 36. Qe3 Qd8 37. Re1 Ng7 38. b5 bxc5 39. Rxc5 cxb5 40. axb5 Qd6 41.
Qe5 Qf8 42. Rec1 Bd7 43. Rc7 Re7 44. Rxa7 Qd8 45. Rcc7 Kf8 46. Qf6+ Ke8 47.
Qxg6+ Kf8 48. Qf6+ Ke8 49. b6 e5 50. Ba4 1-0

[Event "XIII OGOLNOPOLSKA OLIMPIADA MLODZIEZY -"]
[Site "Turawa"]
[Date "2007.04.28"]
[Round "3.12"]
[White "Obrusnik, Michal"]
[Black "Grzesiak, Filip"]
[Result "1-0"]
[WhiteElo "1977"]
[BlackElo "1896"]
[PlyCount "77"]
[EventDate "2007.??.??"]

1. e4 c5 2. Nf3 d6 3. c3 Nf6 4. Be2 g6 5. O-O Bg7 6. Re1 O-O 7. Bf1 Nc6 8. h3
Qb6 9. Na3 Rd8 10. d4 cxd4 11. Nxd4 Nxd4 12. cxd4 d5 13. e5 Ne4 14. Re3 a6 15.
Rb3 Qa7 16. Bf4 h6 17. Rc1 Bd7 18. f3 Ba4 19. fxe4 Bxb3 20. axb3 dxe4 21. Nc2
Rac8 22. Qe2 g5 23. Be3 f5 24. exf6 Bxf6 25. Qh5 Kg7 26. d5 Qb8 27. Nd4 Bxd4
28. Bxd4+ e5 29. dxe6+ Rxd4 30. Qf7+ Kh8 31. Rxc8+ Qxc8 32. Qf6+ Kh7 33. Qxd4
Qxe6 34. Bc4 Qc6 35. Qd5 Qxd5 36. Bxd5 b5 37. Bxe4+ Kg7 38. b4 Kf6 39. Bb7 1-0

[Event "XIII OGOLNOPOLSKA OLIMPIADA MLODZIEZY -"]
[Site "Turawa"]
[Date "2007.04.28"]
[Round "3.13"]
[White "Adamek, Przemyslaw"]
[Black "Leczycki, Pawel"]
[Result "1-0"]
[WhiteElo "1957"]
[BlackElo "1826"]
[PlyCount "75"]
[EventDate "2007.??.??"]

1. e4 e5 2. d4 exd4 3. Qxd4 Nc6 4. Qe3 Nf6 5. Nc3 Bb4 6. Bd2 O-O 7. O-O-O Re8
8. Qg3 Rxe4 9. a3 Bd6 10. f4 Re8 11. Bd3 Bc5 12. Nf3 d6 13. f5 Be3 14. Bxe3
Rxe3 15. Qf4 Qe7 16. Rde1 Rxe1+ 17. Rxe1 Qf8 18. g4 Bd7 19. g5 Nh5 20. Qh4 g6
21. Nd5 Re8 22. Rf1 Rc8 23. fxg6 hxg6 24. Nf6+ Kg7 25. Nxd7 Qe7 26. Nf6 Qe3+
27. Nd2 Rh8 28. Re1 Qc5 29. Nde4 Qd4 30. Nxh5+ Rxh5 31. Qf4 Ne5 32. Rf1 Rh3 33.
Kb1 d5 34. Qf6+ Kg8 35. Ng3 Rxh2 36. Bxg6 fxg6 37. Qf8+ Kh7 38. Qe7+ 1-0

[Event "XIII OGOLNOPOLSKA OLIMPIADA MLODZIEZY -"]
[Site "Turawa"]
[Date "2007.04.28"]
[Round "3.15"]
[White "Weichhold, Pawel"]
[Black "Solnicki, Michal"]
[Result "0-1"]
[WhiteElo "1897"]
[BlackElo "1951"]
[PlyCount "66"]
[EventDate "2007.??.??"]

1. e4 c5 2. Nf3 d6 3. d4 cxd4 4. Nxd4 Nf6 5. Nc3 a6 6. Bg5 e6 7. f4 Nc6 8. Nb3
Be7 9. Qf3 Qc7 10. O-O-O O-O 11. g4 b5 12. Bd3 Bb7 13. Kb1 Nb4 14. Rhe1 Nxd3
15. cxd3 d5 16. Bxf6 Bxf6 17. e5 Be7 18. d4 Rfc8 19. Rc1 Qb6 20. Qd3 Rc4 21.
Re3 a5 22. Rh3 g6 23. f5 a4 24. Nd2 Bg5 25. fxg6 fxg6 26. Rf1 Rxd4 27. Qf3 Rf4
28. Qg3 Rxf1+ 29. Nxf1 b4 30. Ne2 Ba6 31. Qe1 Rc8 32. Nfg3 Qe3 33. Ne4 Qxe4+
0-1

[Event "XIII OGOLNOPOLSKA OLIMPIADA MLODZIEZY -"]
[Site "Turawa"]
[Date "2007.04.28"]
[Round "3.16"]
[White "Mondrzycki, Bartlomiej"]
[Black "Raczynski, Milosz"]
[Result "1-0"]
[WhiteElo "1949"]
[BlackElo "1563"]
[PlyCount "53"]
[EventDate "2007.??.??"]

1. e4 c5 2. Nf3 d6 3. d4 cxd4 4. Nxd4 Nf6 5. Nc3 a6 6. Bg5 e6 7. f4 Be7 8. Qf3
Qc7 9. O-O-O Nbd7 10. Bd3 b5 11. Rhe1 Bb7 12. Qg3 b4 13. Nd5 exd5 14. exd5 g6
15. Qh4 O-O 16. Rxe7 Nxd5 17. Ne6 Qb6 18. Qh6 Qe3+ 19. Kb1 Qxe6 20. Rxe6 fxe6
21. Bxg6 hxg6 22. Qxg6+ Kh8 23. Rd3 Nc3+ 24. bxc3 Bxg2 25. Rg3 Ne5 26. Bf6+
Rxf6 27. Qg7# 1-0

[Event "XIII OGOLNOPOLSKA OLIMPIADA MLODZIEZY -"]
[Site "Turawa"]
[Date "2007.04.28"]
[Round "3.18"]
[White "Koziej, Maciej"]
[Black "Lorek, Milosz"]
[Result "1-0"]
[WhiteElo "1990"]
[BlackElo "1852"]
[PlyCount "107"]
[EventDate "2007.??.??"]

1. e4 e6 2. d4 d5 3. Nd2 Nf6 4. e5 Nfd7 5. f4 c5 6. c3 Qb6 7. Ngf3 Nc6 8. Nb3
cxd4 9. cxd4 a5 10. Rb1 a4 11. Na1 Bb4+ 12. Kf2 f6 13. Be3 fxe5 14. fxe5 O-O
15. Nc2 Be7 16. Bd3 Qa5 17. Kg1 b5 18. h4 Nb6 19. Ng5 Bxg5 20. hxg5 g6 21. Rxh7
Ra7 22. Rxa7 Qxa7 23. Bxg6 Qg7 24. Bd3 Nc4 25. Bxc4 bxc4 26. Qh5 Ne7 27. Bd2
Bd7 28. Bb4 Rf5 29. Bxe7 Qxe7 30. Qg6+ Qg7 31. Qxg7+ Kxg7 32. Ne3 Rxg5 33. g4
Be8 34. Kg2 Bg6 35. Rf1 Bd3 36. Rf2 Be4+ 37. Kg3 Rg6 38. Nd1 Bf5 39. Rf4 Kg8
40. Nc3 Bc2 41. Rf6 Kg7 42. Rxg6+ Kxg6 43. Kf4 Kh6 44. Ke3 Kg5 45. Kd2 Bg6 46.
Nxa4 Kxg4 47. Nc5 Kf5 48. Nb7 Ke4 49. Kc3 Kf4 50. Nd6 Bh5 51. Kd2 Bg4 52. a4
Bh3 53. a5 Bf1 54. Kc3 1-0

[Event "XIII OGOLNOPOLSKA OLIMPIADA MLODZIEZY -"]
[Site "Turawa"]
[Date "2007.04.28"]
[Round "3.19"]
[White "Zielinski, Wojciech"]
[Black "Kadziela, Konrad"]
[Result "1/2-1/2"]
[WhiteElo "1886"]
[BlackElo "1831"]
[PlyCount "68"]
[EventDate "2007.??.??"]

1. e4 e6 2. d3 d5 3. Nd2 c5 4. g3 Nc6 5. Bg2 Nf6 6. f4 dxe4 7. dxe4 Be7 8. Ngf3
Bd7 9. O-O Qb6 10. Kh1 O-O 11. b3 h6 12. f5 exf5 13. e5 Nh7 14. Nc4 Qc7 15. Bb2
Be6 16. Qe2 Rad8 17. Ne3 f6 18. Nh4 fxe5 19. Nhxf5 Bf6 20. c4 Bxf5 21. Rxf5 Nd4
22. Bxd4 exd4 23. Nd5 Qd6 24. Re1 b6 25. Nf4 Bg5 26. Rd5 Qf6 27. Qe6+ Qxe6 28.
Nxe6 Rde8 29. Rd7 Rf6 30. Bd5 Kh8 31. Rd8 Rf1+ 32. Rxf1 Bxd8 33. Nf4 Nf6 34.
Bf7 Re3 1/2-1/2

[Event "XIII OGOLNOPOLSKA OLIMPIADA MLODZIEZY -"]
[Site "Turawa"]
[Date "2007.04.28"]
[Round "3.20"]
[White "Chudzik, Tomasz"]
[Black "Kropidlowski, Maciej"]
[Result "1-0"]
[WhiteElo "1914"]
[BlackElo "1750"]
[PlyCount "77"]
[EventDate "2007.??.??"]

1. e4 e6 2. d4 d5 3. Nc3 Bb4 4. e5 Ne7 5. f4 c5 6. Bd2 cxd4 7. Nb5 Bxd2+ 8.
Qxd2 O-O 9. Nf3 Qb6 10. O-O-O a6 11. Nbxd4 Bd7 12. g4 Nbc6 13. h4 Rfc8 14. Kb1
Rc7 15. Bh3 Nxd4 16. Nxd4 Nc6 17. Nxc6 Rxc6 18. f5 Rac8 19. Rc1 exf5 20. gxf5
Qb5 21. f6 Rb6 22. b3 Bxh3 23. Qg5 Kf8 24. Qxg7+ Ke8 25. Qg8+ Kd7 26. Qxf7+ Kc6
27. Rxh3 Qb4 28. c4 Rd8 29. cxd5+ Kb5 30. Qc7 Rxd5 31. Qc4+ Qxc4 32. Rxc4 Rxe5
33. Rf4 Re8 34. f7 Rf8 35. Re3 Rg6 36. Re8 Rg1+ 37. Kb2 Rg2+ 38. Ka3 Rxf7 39.
Rxf7 1-0

[Event "XIII OGOLNOPOLSKA OLIMPIADA MLODZIEZY -"]
[Site "Turawa"]
[Date "2007.04.28"]
[Round "3.21"]
[White "Grabowski, Adam"]
[Black "Polok, Kacper"]
[Result "0-1"]
[WhiteElo "1793"]
[BlackElo "1878"]
[PlyCount "96"]
[EventDate "2007.??.??"]

1. d4 Nf6 2. c4 c5 3. d5 b5 4. cxb5 a6 5. b6 Qxb6 6. Nc3 d6 7. Nf3 g6 8. g3 Bg7
9. Bg2 O-O 10. O-O Nbd7 11. e4 Ng4 12. Qc2 a5 13. Re1 Ba6 14. Bf1 Nge5 15. Nxe5
Nxe5 16. Kg2 c4 17. Be3 Qc7 18. Na4 Rab8 19. f4 Nd7 20. Nc3 Nc5 21. Bxc5 Qxc5
22. Rab1 e6 23. Be2 Bxc3 24. Qxc3 exd5 25. exd5 Qxd5+ 26. Bf3 Qc5 27. Rbd1 Bb7
28. Re2 Bxf3+ 29. Qxf3 Rb5 30. Red2 Rfb8 31. Qc3 d5 32. Rxd5 Qc6 33. Qf3 Rxb2+
34. Kh3 Qe6+ 35. f5 gxf5 36. Rxf5 R2b5 37. Qg4+ Qg6 38. Qxg6+ hxg6 39. Rf4 Rh5+
40. Kg2 Rb2+ 41. Kf3 Rhxh2 42. Rxc4 Rxa2 43. Rc8+ Kg7 44. Rc7 Ra3+ 45. Kf4 Rf2+
46. Kg4 Rg2 47. Rdd7 Rgxg3+ 48. Kf4 Rgf3+ 0-1

[Event "XIII OGOLNOPOLSKA OLIMPIADA MLODZIEZY -"]
[Site "Turawa"]
[Date "2007.04.28"]
[Round "3.22"]
[White "Brzezinski, Mateusz"]
[Black "Golinski, Damian"]
[Result "0-1"]
[WhiteElo "1643"]
[BlackElo "1828"]
[PlyCount "88"]
[EventDate "2007.??.??"]

1. c4 e5 2. Nc3 Nf6 3. g3 Nc6 4. Bg2 d6 5. e3 Be7 6. Nge2 Be6 7. b3 d5 8. cxd5
Nxd5 9. O-O f5 10. Bb2 O-O 11. d4 f4 12. exf4 exf4 13. Nxd5 Bxd5 14. Nxf4 Bxg2
15. Kxg2 Bf6 16. Qc2 Qd6 17. Rad1 Rae8 18. Qc4+ Kh8 19. Rd3 Re4 20. Rfd1 Bg5
21. Bc1 Qf6 22. Qd5 Ree8 23. Qf3 Rd8 24. Qe3 Rfe8 25. Qd2 Re4 26. d5 Bxf4 27.
gxf4 Nb4 28. Rd4 Qg6+ 29. Kf1 Rxd4 30. Qxd4 Rxd5 31. Qxd5 Nxd5 32. Rxd5 h6 33.
f5 Qc6 34. Rd8+ Kh7 35. Be3 Qa6+ 36. Kg2 Qxa2 37. Rd7 Qc2 38. Re7 Qxf5 39. Rxc7
a5 40. Rc5 Qg6+ 41. Kf3 b6 42. Rc7 Qf5+ 43. Kg2 Qd5+ 44. Kg3 Qxb3 0-1

[Event "XIII OGOLNOPOLSKA OLIMPIADA MLODZIEZY -"]
[Site "Turawa"]
[Date "2007.04.29"]
[Round "4.1"]
[White "Strzemiecki, Zbigniew"]
[Black "Witek, Tomasz"]
[Result "1-0"]
[WhiteElo "2285"]
[BlackElo "2109"]
[PlyCount "47"]
[EventDate "2007.??.??"]

1. e4 b6 2. d4 Bb7 3. Nc3 e6 4. Be3 Nf6 5. e5 Nd5 6. Nxd5 Bxd5 7. Qd2 Be7 8. c4
Bb7 9. Nf3 f5 10. exf6 Bxf6 11. Be2 Na6 12. O-O O-O 13. Rad1 Qe8 14. b4 Rd8 15.
Rfe1 Qg6 16. Kh1 Be7 17. a3 Qg4 18. h3 Qh5 19. d5 exd5 20. cxd5 Bd6 21. Bg5 Rf5
22. Bxd8 Bxd5 23. Ng5 Qh4 24. Bg4 1-0

[Event "XIII OGOLNOPOLSKA OLIMPIADA MLODZIEZY -"]
[Site "Turawa"]
[Date "2007.04.29"]
[Round "4.2"]
[White "Sadzikowski, Daniel"]
[Black "Swiercz, Dariusz"]
[Result "0-1"]
[WhiteElo "2118"]
[BlackElo "2248"]
[PlyCount "128"]
[EventDate "2007.??.??"]

1. e4 c5 2. Nf3 d6 3. d4 cxd4 4. Nxd4 Nf6 5. Nc3 a6 6. Be3 e5 7. Nb3 Be7 8. Qd2
Ng4 9. Nd5 Nxe3 10. Qxe3 Be6 11. Nxe7 Qxe7 12. O-O-O Nc6 13. Qd2 Rd8 14. f4
exf4 15. Qxf4 Bxb3 16. cxb3 b5 17. Kb1 O-O 18. g4 Ne5 19. h4 Ng6 20. Qe3 Rfe8
21. Re1 d5 22. Bd3 d4 23. Qg3 Qe5 24. Reg1 Nf4 25. Re1 Ng6 26. Reg1 Qxg3 27.
Rxg3 Ne5 28. Kc2 Re6 29. Kd2 Rf6 30. Rf1 Rxf1 31. Bxf1 Kf8 32. Bd3 Ke7 33. Be2
Ke6 34. h5 f6 35. g5 fxg5 36. Rxg5 g6 37. hxg6 hxg6 38. Rg3 Rh8 39. a4 Rb8 40.
axb5 axb5 41. Rh3 d3 42. Bxd3 Rd8 43. b4 g5 44. Rh6+ Kf7 45. Rh3 g4 46. Rg3 Kf6
47. Ke2 Kg5 48. Bxb5 Kf4 49. Rg2 Nf3 50. Bc4 Rd2+ 51. Kf1 Nh2+ 52. Kg1 Nf3+ 53.
Kf1 g3 54. Rxd2 Nxd2+ 55. Kg2 Nxc4 56. b5 Nb6 57. b3 Kg4 58. b4 Kf4 59. e5 Nd5
60. e6 Kg4 61. e7 Nxe7 62. b6 Nd5 63. b7 Nf4+ 64. Kg1 Kf3 0-1

[Event "XIII OGOLNOPOLSKA OLIMPIADA MLODZIEZY -"]
[Site "Turawa"]
[Date "2007.04.29"]
[Round "4.3"]
[White "Krzyzanowski, Marcin"]
[Black "Lis, Marek"]
[Result "0-1"]
[WhiteElo "2229"]
[BlackElo "1968"]
[PlyCount "148"]
[EventDate "2007.??.??"]

1. e4 c5 2. Nf3 a6 3. c4 e6 4. Nc3 Qc7 5. d4 cxd4 6. Nxd4 Nf6 7. Bd3 Nc6 8.
Nxc6 dxc6 9. O-O e5 10. h3 Bc5 11. Rb1 Be6 12. Qe2 Nd7 13. Bd2 a5 14. Na4 Bd4
15. Be3 Bxe3 16. fxe3 O-O 17. b3 Qd6 18. Nc3 Qb4 19. Qb2 Nc5 20. Bc2 Qb6 21.
Rf3 Rfd8 22. a3 Rd2 23. Qc1 Rad8 24. b4 axb4 25. axb4 Na6 26. c5 Qc7 27. Rg3
Kh8 28. Rf3 Kg8 29. Rf2 Rxf2 30. Kxf2 Qd7 31. Bd1 Bc4 32. Be2 Bxe2 33. Nxe2 Qd3
34. Ng3 g6 35. Qb2 h5 36. h4 Qd2+ 37. Ne2 Rd3 38. Qxd2 Rxd2 39. Kf3 Rc2 40. Nc1
Rc4 41. Nd3 f6 42. Rb2 Kf7 43. Ke2 Ke6 44. g3 Rxe4 45. b5 Nc7 46. bxc6 bxc6 47.
Rb6 Kd5 48. Rb7 Nb5 49. Rg7 Rg4 50. Kf2 Kc4 51. Rd7 Nc3 52. Nb2+ Kxc5 53. Kf3
Ne4 54. Nd3+ Kc4 55. Nf2 Nxf2 56. Kxf2 c5 57. Kf3 e4+ 58. Kf2 g5 59. hxg5 fxg5
60. Rd8 Kc3 61. Rc8 c4 62. Rc7 Kd3 63. Rd7+ Kc2 64. Rc7 c3 65. Rc5 Kd2 66. Rd5+
Kc1 67. Rc5 c2 68. Rd5 h4 69. gxh4 gxh4 70. Rc5 h3 71. Rh5 h2 72. Rxh2 Kb1 73.
Rh1+ c1=Q 74. Rd1 Rg2+ 0-1

[Event "XIII OGOLNOPOLSKA OLIMPIADA MLODZIEZY -"]
[Site "Turawa"]
[Date "2007.04.29"]
[Round "4.4"]
[White "Matuszewski, Michal"]
[Black "Swiech, Przemyslaw"]
[Result "1-0"]
[WhiteElo "2136"]
[BlackElo "1977"]
[PlyCount "83"]
[EventDate "2007.??.??"]

1. d4 Nf6 2. c4 e6 3. Nf3 d5 4. Nc3 c6 5. Bg5 Nbd7 6. e3 Qa5 7. Nd2 Bb4 8. Qc2
O-O 9. Be2 Re8 10. O-O e5 11. dxe5 Rxe5 12. Bf4 Bxc3 13. bxc3 Re8 14. Nb3 Qa4
15. cxd5 Nxd5 16. Bg3 N7f6 17. c4 Nb4 18. Qb2 b6 19. a3 Na6 20. Rac1 Bg4 21. f3
Rxe3 22. Bd1 Bh5 23. Bf4 Rd3 24. Nc5 Qxa3 25. Nxd3 Qxd3 26. Bc2 Qd7 27. Qa3 Qb7
28. Qd6 Nc5 29. Rfe1 Ne6 30. Rcd1 Bg6 31. Bb3 h6 32. Be5 Ne8 33. Qd2 a5 34. f4
Qa6 35. Ba1 Nc5 36. Qc3 Nf6 37. Bc2 Bxc2 38. Qxc2 Qc8 39. Re3 Nh7 40. Qb2 Qg4
41. Rde1 Ne6 42. Rg3 1-0

[Event "XIII OGOLNOPOLSKA OLIMPIADA MLODZIEZY -"]
[Site "Turawa"]
[Date "2007.04.29"]
[Round "4.5"]
[White "Kowalczyk, Rafal"]
[Black "Wieczorek, Oskar"]
[Result "1/2-1/2"]
[WhiteElo "1948"]
[BlackElo "2125"]
[PlyCount "42"]
[EventDate "2007.??.??"]

1. e4 c5 2. Nf3 e6 3. d4 cxd4 4. Nxd4 a6 5. Bd3 Nc6 6. Nxc6 dxc6 7. Nd2 e5 8.
Nc4 Nf6 9. Be3 Be6 10. O-O Bd6 11. Nxd6+ Qxd6 12. b3 O-O 13. a4 b5 14. h3 Nd7
15. Qe2 Qc7 16. g4 Qd8 17. f3 Re8 18. Qh2 h5 19. Qg3 h4 20. Qf2 Qe7 21. Rfd1
Red8 1/2-1/2

[Event "XIII OGOLNOPOLSKA OLIMPIADA MLODZIEZY -"]
[Site "Turawa"]
[Date "2007.04.29"]
[Round "4.6"]
[White "Adamek, Przemyslaw"]
[Black "Kanarek, Marcel"]
[Result "0-1"]
[WhiteElo "1957"]
[BlackElo "2225"]
[PlyCount "92"]
[EventDate "2007.??.??"]

1. e4 c5 2. Nf3 d6 3. d4 Nf6 4. Nc3 cxd4 5. Nxd4 g6 6. f3 Bg7 7. Be3 a6 8. Qd2
Nbd7 9. O-O-O b5 10. Kb1 Bb7 11. g4 Nb6 12. g5 Nfd7 13. Nb3 Ne5 14. Qf2 Nec4
15. Bd4 Bxd4 16. Qxd4 e5 17. Qg1 Qc7 18. Bxc4 Nxc4 19. Nd5 Bxd5 20. Rxd5 Nb6
21. Rd3 O-O 22. Qf2 f5 23. gxf6 Rxf6 24. h4 h5 25. Nc1 Rc8 26. Qd2 Nc4 27. Qd1
Qc5 28. Nb3 Qf2 29. Qf1 Qa7 30. Qe2 Qf7 31. Rg1 Kh7 32. Nd2 Na5 33. Nf1 Nc6 34.
c3 b4 35. Ne3 bxc3 36. bxc3 Ne7 37. Nc2 Qc4 38. Ka1 Rc5 39. Rgd1 a5 40. Ne3 Qa6
41. Qg2 Rc6 42. Qg5 Kg7 43. c4 Qa7 44. Rg1 a4 45. a3 Rb6 46. Qxh5 Rb3 0-1

[Event "XIII OGOLNOPOLSKA OLIMPIADA MLODZIEZY -"]
[Site "Turawa"]
[Date "2007.04.29"]
[Round "4.7"]
[White "Bokiej, Przemyslaw"]
[Black "Klepaczka, Tomasz"]
[Result "0-1"]
[WhiteElo "2016"]
[BlackElo "1953"]
[PlyCount "40"]
[EventDate "2007.??.??"]

1. e4 c5 2. Nf3 Nc6 3. d4 cxd4 4. Nxd4 e6 5. Nc3 Nf6 6. a3 Be7 7. Be2 O-O 8.
O-O d6 9. Be3 Qc7 10. f4 a6 11. f5 Ne5 12. g4 d5 13. exd5 Nxd5 14. Nxd5 exd5
15. g5 Nc4 16. Bxc4 dxc4 17. f6 Bd6 18. Qh5 Re8 19. Rf3 Re4 20. h3 g6 0-1

[Event "XIII OGOLNOPOLSKA OLIMPIADA MLODZIEZY -"]
[Site "Turawa"]
[Date "2007.04.29"]
[Round "4.8"]
[White "Solnicki, Michal"]
[Black "Witek, Pawel"]
[Result "0-1"]
[WhiteElo "1951"]
[BlackElo "1985"]
[PlyCount "96"]
[EventDate "2007.??.??"]

1. d4 Nf6 2. c4 g6 3. Nc3 Bg7 4. e4 d6 5. f4 O-O 6. Nf3 c5 7. dxc5 Qa5 8. Bd3
Qxc5 9. Qe2 Nc6 10. Be3 Qa5 11. O-O Bg4 12. Rac1 Nd7 13. Qf2 Bxf3 14. gxf3 Nc5
15. Bb1 Na4 16. Nxa4 Qxa4 17. b3 Qa5 18. Rfd1 Qc7 19. h4 b6 20. h5 e5 21. f5
Nd4 22. Qg2 Qe7 23. h6 Bf6 24. f4 Kh8 25. Bxd4 exd4 26. fxg6 fxg6 27. Re1 g5
28. e5 dxe5 29. fxe5 Bxe5 30. Bxh7 Kxh7 31. Qe4+ Kxh6 32. Kg2 Rf4 33. Qxe5 Qxe5
34. Rxe5 Rd8 35. Rd1 d3 36. Re3 d2 37. Re2 Rfd4 38. Kf3 Kg6 39. Re4 Rd3+ 40.
Re3 g4+ 41. Ke2 Rxe3+ 42. Kxe3 Kg5 43. Rxd2 Rxd2 44. Kxd2 Kh4 45. Ke2 Kh3 46.
b4 g3 47. c5 bxc5 48. bxc5 g2 0-1

[Event "XIII OGOLNOPOLSKA OLIMPIADA MLODZIEZY -"]
[Site "Turawa"]
[Date "2007.04.29"]
[Round "4.9"]
[White "Mondrzycki, Bartlomiej"]
[Black "Obrusnik, Michal"]
[Result "1/2-1/2"]
[WhiteElo "1949"]
[BlackElo "1977"]
[PlyCount "54"]
[EventDate "2007.??.??"]

1. e4 e6 2. d4 d5 3. Nc3 Bb4 4. e5 c5 5. a3 Bxc3+ 6. bxc3 Ne7 7. h4 Nbc6 8. h5
h6 9. Nf3 Qa5 10. Bd2 c4 11. Nh4 Bd7 12. Qg4 Rg8 13. Be2 O-O-O 14. Qf4 Nf5 15.
Nxf5 exf5 16. g4 fxg4 17. Bxg4 Be6 18. Rg1 Qc7 19. Bxe6+ fxe6 20. Rg6 Rdf8 21.
Qg4 Qf7 22. Be3 Kd7 23. Qh3 Ne7 24. Rg2 Qf5 25. Qxf5 Nxf5 26. Ke2 Rf7 27. Rag1
Rgf8 1/2-1/2

[Event "XIII OGOLNOPOLSKA OLIMPIADA MLODZIEZY -"]
[Site "Turawa"]
[Date "2007.04.29"]
[Round "4.10"]
[White "Janczarski, Michal"]
[Black "Sowul, Bartosz"]
[Result "1/2-1/2"]
[WhiteElo "2081"]
[BlackElo "1966"]
[PlyCount "99"]
[EventDate "2007.??.??"]

1. e4 c5 2. Ne2 d6 3. g3 Nc6 4. Bg2 g6 5. O-O Bg7 6. c3 Nf6 7. d4 cxd4 8. cxd4
O-O 9. Nbc3 e5 10. d5 Nb8 11. b4 a5 12. b5 Nh5 13. Be3 f5 14. f3 Nd7 15. Na4 f4
16. Bf2 b6 17. Rc1 Nc5 18. Nxc5 bxc5 19. Qa4 g5 20. g4 Nf6 21. Be1 h5 22. h3
Nd7 23. Nc3 Nb6 24. Qc2 Nc4 25. Nd1 Nb6 26. a4 Bf6 27. Nb2 Bd7 28. Bc3 Ra7 29.
Qd2 Qa8 30. Ra1 h4 31. Rfc1 Rc8 32. Bf1 Be8 33. Rcb1 Rb8 34. Bc4 Bf7 35. Qd3
Rc7 36. Qd2 Ra7 37. Rc1 Rc8 38. Rc2 Rb8 39. Qe1 Rc8 40. Bd2 Rb8 41. Ra3 Bd8 42.
Nd3 Rbb7 43. Nc1 Qb8 44. Nb3 Qa8 45. Bf1 Nd7 46. Bc3 Kf8 47. Nd2 Nb6 48. Nb3
Nd7 49. Nc1 Nb6 50. Nb3 1/2-1/2

[Event "XIII OGOLNOPOLSKA OLIMPIADA MLODZIEZY -"]
[Site "Turawa"]
[Date "2007.04.29"]
[Round "4.11"]
[White "Barski, Radoslaw"]
[Black "Siwiec, Arkadiusz"]
[Result "0-1"]
[WhiteElo "1987"]
[BlackElo "2025"]
[PlyCount "54"]
[EventDate "2007.??.??"]

1. e4 c5 2. Nf3 d6 3. d4 cxd4 4. Nxd4 Nf6 5. Nc3 Nc6 6. Bg5 Bd7 7. Qd2 Rc8 8.
O-O-O Nxd4 9. Qxd4 Qa5 10. f4 Rxc3 11. bxc3 e5 12. Qd3 Ng4 13. Qf3 h6 14. Rd5
Qa3+ 15. Kd2 hxg5 16. Bb5 Nf6 17. Bxd7+ Nxd7 18. fxg5 Be7 19. Qg4 Nb6 20. Rd3
Qxa2 21. Rh3 Rxh3 22. gxh3 d5 23. g6 d4 24. cxd4 exd4 25. gxf7+ Kf8 26. Rf1
Nc4+ 27. Ke1 Qb1+ 0-1

[Event "XIII OGOLNOPOLSKA OLIMPIADA MLODZIEZY -"]
[Site "Turawa"]
[Date "2007.04.29"]
[Round "4.12"]
[White "Jacek, Krystian"]
[Black "Koziej, Maciej"]
[Result "0-1"]
[WhiteElo "1858"]
[BlackElo "1990"]
[PlyCount "76"]
[EventDate "2007.??.??"]

1. e4 c5 2. Nf3 Nc6 3. d4 cxd4 4. Nxd4 e5 5. Nb5 d6 6. N1c3 a6 7. Na3 Be6 8.
Nc4 b5 9. Ne3 Nf6 10. g3 Ne7 11. Bg2 Rc8 12. O-O b4 13. Ncd5 Nfxd5 14. Nxd5
Nxd5 15. exd5 Bf5 16. Qe2 a5 17. Qb5+ Bd7 18. Qd3 Qc7 19. Be4 g6 20. Qe2 f5 21.
Bd3 Bg7 22. a3 O-O 23. axb4 axb4 24. Bd2 e4 25. Ba6 Rb8 26. c3 bxc3 27. bxc3
Rb2 28. c4 Bc3 29. Rad1 Ra8 30. c5 Rxd2 31. Rxd2 Bxd2 32. c6 Be8 33. Bb7 Ra2
34. Kg2 Rb2 35. Qa6 e3 36. fxe3 Bxe3+ 37. Kh1 Bf7 38. Qc4 Rd2 0-1

[Event "XIII OGOLNOPOLSKA OLIMPIADA MLODZIEZY -"]
[Site "Turawa"]
[Date "2007.04.29"]
[Round "4.13"]
[White "Wandzik, Wojciech"]
[Black "Wiewiora, Eneasz"]
[Result "1-0"]
[WhiteElo "1945"]
[BlackElo "1876"]
[PlyCount "47"]
[EventDate "2007.??.??"]

1. e4 e5 2. Nf3 Nc6 3. Bc4 Nf6 4. d3 Be7 5. Nc3 d6 6. h3 Na5 7. Bb3 Nxb3 8.
axb3 c6 9. Be3 b6 10. d4 Qc7 11. O-O O-O 12. Qe2 Bb7 13. Rfd1 Rfd8 14. Bg5 h6
15. Bh4 g5 16. dxe5 dxe5 17. Rxd8+ Bxd8 18. Bg3 Nd7 19. Nd4 Nf8 20. Nf5 Nh7 21.
Nxh6+ Kh8 22. Bxe5+ Qxe5 23. Nxf7+ Kg7 24. Nxe5 1-0

[Event "XIII OGOLNOPOLSKA OLIMPIADA MLODZIEZY -"]
[Site "Turawa"]
[Date "2007.04.29"]
[Round "4.14"]
[White "Borowicz, Przemyslaw"]
[Black "Chudzik, Tomasz"]
[Result "1-0"]
[WhiteElo "1926"]
[BlackElo "1914"]
[PlyCount "149"]
[EventDate "2007.??.??"]

1. d4 Nf6 2. c4 g6 3. Nc3 Bg7 4. e4 d6 5. Nf3 O-O 6. Be2 e5 7. dxe5 dxe5 8.
Qxd8 Rxd8 9. Bg5 Re8 10. Nd5 Nxd5 11. cxd5 f5 12. Rc1 c6 13. Bc4 Kh8 14. Nd2
Bd7 15. f3 cxd5 16. exd5 Rc8 17. O-O Na6 18. Be3 Bf8 19. a3 Bc5 20. Bxc5 Nxc5
21. Rfe1 Re8 22. Re3 e4 23. b4 f4 24. Re2 Nd3 25. Rc3 Nb2 26. Nxe4 Nxc4 27.
Rxc4 Bb5 28. Rc7 Rac8 29. Rec2 Rcd8 30. Rxb7 Rxd5 31. Rxb5 Rxb5 32. Nd6 Rbb8
33. Nxe8 Rxe8 34. Rc7 Re1+ 35. Kf2 Ra1 36. Rxa7 Ra2+ 37. Kf1 Ra1+ 38. Ke2 Ra2+
39. Kd3 Rxg2 40. Ke4 Rxh2 41. Kxf4 h5 42. b5 Rb2 43. a4 h4 44. Kg4 g5 45. Kxg5
h3 46. Kh6 Kg8 47. Rg7+ Kf8 48. Rg3 h2 49. Rh3 Rg2 50. b6 Ke8 51. b7 Rb2 52.
Kg5 Rxb7 53. Rxh2 Rb6 54. Re2+ Kf7 55. Re4 Ra6 56. Kf4 Ra5 57. Ke3 Kf6 58. Kd3
Ra8 59. Kc3 Kf5 60. Kb4 Rb8+ 61. Ka3 Ra8 62. Kb4 Rb8+ 63. Kc5 Rb3 64. a5 Rxf3
65. Re8 Ra3 66. Kb6 Rb3+ 67. Ka7 Kf6 68. a6 Kf7 69. Re4 Kf8 70. Re6 Kf7 71. Rb6
Rd3 72. Kb7 Ke7 73. a7 Rd7+ 74. Ka6 Rd8 75. Rb8 1-0